000
00304nam a22001337a 4500
008
180911b xxu||||| |||| 00| 0 eng d
020
_a
9780029184677
041
_a
eng
080
_a
338
100
_a
54
101
_a
MNG
245
_a
Corporate Culture and Performance
_c
Kotter, J.P
942
_2
udc
_c
BK
999
_c
47674
_d
47674